000 00468 a2200109 4500
005 20260327145216.0
100 _aPathak A.
_9217333
245 _aआधुनिक महाराष्ट्राची जडणघडण शिल्पकार चरित्रकोश खंड ८: प्राच्यविद्या आणि धर्मपरंपरा
250 _a1st
260 _bSaptahik Vivek Hindusthan Prakashan Samstha
_c2018
942 _cAR
999 _c370794
_d370794